Sepultura Albums - Statistics

General Stats
  • This quiz has been taken 78 times
  • The average score is 8 of 13
Answer Stats
Hint Answer % Correct
1996 Roots
93%
1993 Chaos A.D.
91%
1991 Arise
90%
1989 Beneath the Remains
84%
1986 Morbid Vision
76%
1987 Schizophrenia
76%
2001 Nation
48%
1998 Against
47%
2003 Roorback
41%
2011 Kairos
38%
2009 A-Lex
34%
2006 Dante XXI
33%
2013 The Mediator between the head and hands must be the heart
7%
No matching quizzes found
Score Distribution
Percent of People with Each Score
Percentile by Number Answered
Your Score History
You have not taken this quiz